[Event "Berlin Lichtenberger op 16th"]
[Site "Berlin"]
[Date "2017.08.23"]
[Round "5"]
[White "Scholta, Danilo"]
[Black "Lange, Cecilia"]
[Result "1/2-1/2"]
[WhiteElo "1793"]
[BlackElo "1886"]
[PlyCount "105"]
[EventDate "2017.08.19"]
[EventType "swiss"]
[EventRounds "9"]
[EventCountry "GER"]
[SourceTitle "CBM 180 Extra"]
[Source "ChessBase"]
[SourceDate "2017.10.06"]
[SourceVersion "1"]
[SourceVersionDate "2017.10.06"]
[SourceQuality "1"]

1. d4 d5 2. Bf4 Nf6 3. e3 e6 4. Nf3 c5 5. c3 b6 6. Bd3 Bb7 7. Nbd2 Nbd7 8. Ne5 Be7 9. 0-0 0-0 10. Ndf3 Ne4 11. Nxd7 Qxd7 12. Ne5 Qc8 13. Bxe4 dxe4 14. Qg4 Kh8 15. Qh5 Qe8 16. Rfe1 f6 17. Qxe8 Rfxe8 18. Nf7+ Kg8 19. Nd6 Bxd6 20. Bxd6 Rac8 21. dxc5 bxc5 22. b4 cxb4 23. Bxb4 Red8 24. Red1 Bd5 25. Kf1 Rc6 26. a4 Ra8 27. a5 Kf7 28. Ke1 Rd8 29. Rd2 Rc7 30. Rad1 Rdc8 31. Rd4 h5 32. Ke2 Bc4+ 33. Ke1 Bd3 34. f3 e5 35. Rd6 h4 36. fxe4 Bxe4 37. Rd7+ Kg6 38. Kf2 Bf5 39. Rxc7 Rxc7 40. Rd6 Kf7 41. Rd8 Rc8 42. Rxc8 Bxc8 43. e4 g6 44. g3 h3 45. Bc5 a6 46. Bd6 Ke6 47. Bb8 Kd7 48. Ba7 Kc6 49. Ke3 Kb5 50. Bb6 Kc6 51. Bd8 f5 52. exf5 gxf5 53. Bb6 1/2-1/2

[Event "Berlin Werner Ott op"]
[Site "Berlin"]
[Date "2017.07.17"]
[Round "3"]
[White "Berger, Steve"]
[Black "Scholta, Danilo"]
[Result "1-0"]
[WhiteElo "2411"]
[BlackElo "1811"]
[PlyCount "40"]
[EventDate "2017.07.15"]
[EventType "swiss"]
[EventRounds "9"]
[EventCountry "GER"]
[SourceTitle "EXT 2019"]
[Source "ChessBase"]
[SourceDate "2018.10.10"]
[SourceVersion "1"]
[SourceVersionDate "2018.10.10"]
[SourceQuality "1"]

1. e4 b6 2. d4 e6 3. Bd3 Bb7 4. Nf3 Bb4+ 5. c3 Be7 6. Qe2 Nf6 7. Nbd2 0-0 8. h4 c5 9. e5 Nd5 10. Bxh7+ Kh8 11. Nb3 Ba6 12. Bd3 Bxd3 13. Qxd3 f5 14. exf6 Nxf6 15. Ne5 Kg8 16. h5 Nc6 17. h6 Nxe5 18. dxe5 Nh7 19. hxg7 Rf5 20. Qh3 Rxe5+ 1-0

[Event "Berlin Lichtenberger op 14th"]
[Site "Berlin"]
[Date "2015.08.17"]
[Round "3"]
[White "Scholta, Danilo"]
[Black "Kaufmann, Mathias"]
[Result "1-0"]
[WhiteElo "1861"]
[BlackElo "1541"]
[PlyCount "25"]
[EventDate "2015.08.15"]
[EventType "swiss"]
[EventRounds "9"]
[EventCountry "GER"]
[SourceTitle "EXT 2016"]
[Source "ChessBase"]
[SourceDate "2015.10.08"]
[SourceVersion "1"]
[SourceVersionDate "2015.10.08"]
[SourceQuality "1"]

1. e4 c5 2. d4 cxd4 3. c3 e5 4. Nf3 Nc6 5. Bc4 h6 6. cxd4 exd4 7. 0-0 Bd6 8. Nxd4 Nxd4 9. Qxd4 Bf8 10. Nc3 Nf6 11. e5 Nh7 12. Qd5 Qe7 13. Nb5 1-0

[Event "Berlin Kreuzberg op"]
[Site "Berlin"]
[Date "2015.07.14"]
[Round "4"]
[White "Scholta, Danilo"]
[Black "Richter, Goetz"]
[Result "0-1"]
[WhiteElo "1777"]
[BlackElo "2085"]
[PlyCount "50"]
[EventDate "2015.07.11"]
[EventType "swiss"]
[EventRounds "9"]
[EventCountry "GER"]
[SourceTitle "CBM 167 Extra"]
[Source "ChessBase"]
[SourceDate "2015.09.14"]
[SourceVersion "1"]
[SourceVersionDate "2015.09.14"]
[SourceQuality "1"]

1. d4 Nf6 2. e3 d6 3. Bd3 e5 4. Nc3 Be6 5. Nf3 Nbd7 6. h3 h6 7. b3 c6 8. 0-0 b5 9. dxe5 dxe5 10. Ne4 Nxe4 11. Bxe4 Qc7 12. Nh4 g6 13. Bb2 Be7 14. Nf3 0-0 15. Nh2 f5 16. Bd3 Nc5 17. f3 Rad8 18. Qb1 Qb6 19. Kh1 Bf6 20. g4 Nxd3 21. cxd3 Qxe3 22. Re1 Qf2 23. Qc1 fxg4 24. Qxh6 Bg7 25. Qxg6 Rf6 0-1